Halle Berry Movies Quiz Stats

 Plays Quiz Updated Jan 1, 2021

Support Sporcle.
Go Orange.
Score 0/37 Timer 07:00
0 Plays Today
Year Movie % Correct
2000X-Men
83.8%
2003X2
76.4%
2004Catwoman
75%
2006X-Men: The Last Stand
74.1%
2001Monster's Ball
71.9%
2001Swordfish
62.5%
2014X-Men: Days of Future Past
58.2%
2002Die Another Day
47.1%
2012Cloud Atlas
41.3%
2003Gothika
36.2%
2013The Call
33.2%
1994The Flintstones
27.4%
2019John Wick: Chapter 3 – Parabellum
26.9%
2013Movie 43
21.5%
2017Kings
21.5%
2017Kidnap
20.9%
1996Executive Decision
19.5%
1992Boomerang
19.3%
2011New Year's Eve
19%
Year Movie % Correct
2017Kingsman: The Golden Circle
19%
2007Perfect Stranger
17.6%
1991Jungle Fever
16.4%
2009Frankie and Alice
16.1%
1997B*A*P*S
15.3%
2007Things We Lost in the Fire
13.8%
1995Losing Isaiah
13.4%
1991The Last Boy Scout
12.7%
2011Dark Tide
11.5%
2005Robots
11.4%
1998Bulworth
11.1%
2020Bruised
9%
1998Why Do Fools Fall in Love
8.6%
1993The Program
8.2%
1996The Rich Man's Wife
8.2%
1991Strictly Business
7.6%
1996Race the Sun
5.9%
1993Father Hood
4.8%

From the Vault

Any NFL Team Besides the Bills

by sathyamc

Sports 2m
You've got 31 others to choose from!
Remove Ads.
Support Sporcle.
Get the best of Sporcle when you Go Orange. This ad-free experience offers more features, more stats, and more fun while also helping to support Sporcle. Thank you for becoming a member.

Show Comments

Extras

Top Quizzes Today


Score Distribution

Your Account Isn't Verified!

In order to create a playlist on Sporcle, you need to verify the email address you used during registration. Go to your Sporcle Settings to finish the process.

Report this User

Report this user for behavior that violates our Community Guidelines.

Details: